000 00402nam a2200157 i 4500
001 28137
003 ES-MaACL
005 20240320062558.0
007 t|
008 030116s1910 sp ||||1| spa d
100 0 _aAzorín,
_d1873-1967
_924326
245 1 3 _aLa cierva /
_cAzorín.
260 _aMadrid :
_b[s.n.,
_c1910] (
_fSucs. de Hernando)
852 _aES-MaACL
_jT-1193-F-1
999 _c28137
_d28137